000 01872nam0a2200325 4500
001 RU\NLR\BIBL_A\022017595
005 20231016151052.0
010 _a978-5-7944-3985-4
_9500
021 _aRU
_bКН-П-23-048088
_9КН-П-23-4820
035 _a(NLR Aleph) 022017595
035 _a(RuMoRGB)011982230
090 _a12502403
_c12502403
100 _a20230904d2023 k y0rusy50 ca
101 0 _arus
102 _aRU
105 _aa z 000zy
181 0 _ai3
_baxxe
182 0 _an
200 1 _aУниверсум мира детства
_eмонография
_fТ. Д. Попкова
_gпод научной редакцией профессора Б. В. Кондакова
_gМинистерство науки и высшего образования Российской Федерации, Федеральное государственное автономное образовательное учреждение высшего образования "Пермский государственный национальный исследовательский университет"
203 _aТекст
_bвизуальный
_cнепосредственный
210 _aПермь
_cПермский государственный национальный исследовательский университет
_d2023
215 _a291 с.
_cил.
_d21
320 _aБиблиогр.: с. 276-291
606 1 _aДетство
_xСоциально-философские вопросы
_92041035
_3RU\NLR\AUTH\661225028
686 1 _aС550.325.2
700 1 _aПопкова
_bТ. Д.
_cканд. филос. наук, социальная философия
_gТатьяна Дмитриевна
_9143499
_3RU\NLR\AUTH\770143535
942 _cBOOK
980 _aNB